BIU LAW JOURNAL (Record no. 44030)
[ view plain ]
| 003 - CONTROL NUMBER IDENTIFIER | |
|---|---|
| control field | 404122 |
| 005 - DATE AND TIME OF LATEST TRANSACTION | |
| control field | 20251125134105.0 |
| 022 ## - INTERNATIONAL STANDARD SERIAL NUMBER | |
| International Standard Serial Number | 26825783 |
| 040 ## - CATALOGING SOURCE | |
| Transcribing agency | Nile University of Nigeria, Abuja |
| Description conventions | rda |
| 050 ## - LIBRARY OF CONGRESS CALL NUMBER | |
| Classification number | K 60 .B4 |
| 082 ## - DEWEY DECIMAL CLASSIFICATION NUMBER | |
| Classification number | K 60 .B4 |
| 245 ## - TITLE STATEMENT | |
| Title | BIU LAW JOURNAL |
| 250 ## - EDITION STATEMENT | |
| Edition statement | vol. 10 2025 |
| 260 ## - PUBLICATION, DISTRIBUTION, ETC. (IMPRINT) | |
| Place of publication, distribution, etc | Benin |
| Name of publisher, distributor, etc | BIU Press |
| Date of publication, distribution, etc | 2025 |
| 264 ## - PUBLICATION, DISTRIBUTION, ETC. (IMPRINT) | |
| Place of publication, distribution, etc | Benin |
| Name of publisher, distributor, etc | BIU Press |
| Date of publication, distribution, etc | 2025 |
| 300 ## - PHYSICAL DESCRIPTION | |
| Other physical details | viii,291 pg, 30 cm. |
| 336 ## - CONTENT TYPE | |
| Source | rdacontent |
| 338 ## - CARRIER TYPE | |
| Source | rdacarrier |
| 942 ## - ADDED ENTRY ELEMENTS (KOHA) | |
| Source of classification or shelving scheme | Library of Congress Classification |
| Koha item type | JOURNALS |
No items available.